000 00835nam a22002297a 4500
003 OSt
005 20251106043512.0
008 251104b |||||||| |||| 00| 0 eng d
020 _a978-971-9656-82-1
040 _aDWCL - Main Lib
_cOC
082 _aRes. 640 R771e 2022
100 _aRondilla, Aida H. [and three others]
245 _aExploratory Courses :
_bTechnology and Livelihood Education for the New Century 8 /
_cAida H. Rondilla [and three others]
260 _aQuezon City, Manila, Philippines ;
_bAdriana Publishing House,
_cc2022.
300 _av, 178 pages :
_billustrations ;
_c25 cm.
504 _aIncludes bibliographical references.
650 _a1. Home Economics
700 _aI. Eufemio P. Valdriz, EdD
700 _aII. Elsa P. Roque
700 _aIII. Jeanette L. Wang
942 _2ddc
_cBK-0 CIRC
_mRes.
_n0
999 _c5421
_d5421